| 000 | 00522nam a22001697a 4500 | ||
|---|---|---|---|
| 005 | 20251108164014.0 | ||
| 008 | 250721s1975 xx 000 0 ara d | ||
| 082 | 1 | 4 | _a320.158/ناج |
| 100 | 1 | _aعلوش، ناجي | |
| 245 | 1 | 0 |
_aالحركة القومية العربية : _bنشؤوها - تطورها - إتجاهاتها / |
| 264 | 1 |
_aبيروت : _bدار الطليعة، _c1975. |
|
| 300 | _a127ص | ||
| 650 | 1 | 7 | _aالقومية |
| 650 | 1 | 7 | _aالقومية العربية |
| 942 |
_2ddc _cBK |
||
| 999 |
_c1238 _d1238 |
||